000 00698nam a2200229 4500
003 LK-CoMWRAF
005 20230828125827.0
008 230819b2014 |||||||| |||| 00| 0 eng d
020 _a9789559950271
040 _aLK-CoMWRAF
_dLK-CoMWRAF
_eLK-CoMWRAF
041 _aeng
082 _bFAR
_a305.697
100 _aFarook, Latheef
245 _aMuslims of Sri Lanka:
_bunder siege
260 _a[Colombo]:
_bAuthor,
_c2014
300 _aix, 272 pages : ill. ; 21 cm
_bIndex included
650 _a MUSLIMS-SRI LANKA-POLITICS AND GOVERNMENT
650 _aMuslims-Violence against-Sri Lanka
650 _aEthnic relations-Sri Lanka
650 _aPolitics and government-Sri Lanka
942 _cBK
999 _c3229
_d3229